|
|
|
|
| LEADER |
01201nam a2200253 a 4500 |
| 001 |
1773920 |
| 008 |
091027s1986 bg 001 0 eng d |
| 010 |
|
|
|a 76902519
|
| 040 |
|
|
|a DLC
|c DLC
|d DLC
|
| 082 |
0 |
0 |
|a 347.5492052
|2 19
|
| 999 |
|
|
|c 4865
|d 4865
|
| 999 |
|
|
|c 4865
|
| 245 |
1 |
4 |
|a The Limitation act (IX of 1908), with up-to-date amendments & exhaustive case-laws.
|
| 250 |
|
|
|a 2nd ed. (revised and enlarged)
|
| 260 |
|
|
|a Dhaka :
|b Dhaka Law Reports Office,
|c 1986.
|
| 300 |
|
|
|a 391 p. ;
|c 25 cm.
|
| 500 |
|
|
|a On verso of t.p.: Published by Obaidul Huq Chowdhury.
|
| 504 |
|
|
|a Includes index.
|
| 541 |
1 |
|
|e 00014694
|
| 650 |
|
0 |
|a Limitation of actions
|z Bangladesh.
|9 20680
|
| 852 |
4 |
|
|a Ayesha Abed Library
|j General Shelf.
|
| 942 |
|
|
|2 ddc
|c BK
|
| 952 |
|
|
|0 0
|1 4
|2 ddc
|4 0
|6 347_549205200000000_LIM
|7 0
|9 4684
|a BRACUL
|b BRACUL
|c GEN
|d 2009-10-27
|g 200.00
|l 1
|o 347.5492052 LIM
|p 3010014694
|r 2010-03-31
|s 2010-03-31
|t 1
|v 400.00
|w 2009-10-27
|y BK
|x Koha Inventory 2020
|
| 952 |
|
|
|0 0
|1 3
|2 ddc
|4 0
|6 347_549205200000000_LIM_1986
|7 0
|9 4685
|a BRACUL
|b BRACUL
|c GEN
|d 2009-10-27
|g 200.00
|l 15
|m 87
|o 347.5492052 LIM
|p 3010014695
|r 2022-06-08
|s 2022-06-08
|t 2
|v 400.00
|w 2009-10-27
|y BK
|x Lost and cost paid (TRXID: 527814008671) by ID: 20209003
|